| 000 | 00626nam a2200193 a 4500 | ||
|---|---|---|---|
| 005 | 20240925064216.0 | ||
| 008 | 991125s1956 par 000 0 fre u | ||
| 035 | _aUPN01000038366 | ||
| 049 | _aCG | ||
| 050 | 4 |
_aLB1117 _bS9.4 |
|
| 100 | 1 | _aSutter, Jean-M | |
| 245 | 1 | 3 |
_aLe mensonge chez l'enfant / _cpar Jean-M. Sutter. |
| 260 |
_aParís : _bPresses Universitaires de France, _c1956. |
||
| 300 | _a170 p. | ||
| 440 | 0 |
_aPaideia. _pBibliothèque pratique de psychologie et de psychopathologie de l'enfant. Pédagogie practique |
|
| 650 | 4 |
_aNiño, Estudio del _9221 |
|
| 650 | 7 |
_aNiños problema _2 _912088 |
|
| 905 | _aLibro | ||
| 999 |
_c38366 _d38366 |
||